MARC

LEADER 00000nam0a2200000 4500
001 68933
005 20231031075249.0
035 |a (RuTPU)RU\TPU\book\73402 
090 |a 68933 
100 |a 20041012d1983 km y0rusy50 ca 
101 0 |a rus 
102 |a RU 
105 |a a z 001zy 
200 1 |a Рифтогенез в истории Земли (рифтогенез на древних платформах)  |f Е. Е. Милановский 
210 |a Москва  |c Недра  |d 1983 
215 |a 280 с.  |c ил. 
320 |a Список литературы: с. 268-276 
320 |a Предметный указатель: с. 277-279 
610 1 |a рифтогенез 
610 1 |a история 
610 1 |a Земля 
610 1 |a древние платформы 
610 1 |a эволюция 
610 1 |a архей 
610 1 |a катархей 
610 1 |a Восточно-Европейская платформа 
610 1 |a Сибирская платформа 
610 1 |a Китайская платформа 
610 1 |a Североамериканская платформа 
610 1 |a Гренландская платформа 
610 1 |a Африкано-Аравийская платформа 
610 1 |a Индийская платформа 
610 1 |a Австралийская платформа 
610 1 |a Антарктическая платформа 
610 1 |a глубинные разломы 
610 1 |a рифтовые зоны 
675 |a 551.243  |v 3 
700 1 |a Милановский  |b Е. Е.  |g Евгений Евгеньевич 
801 1 |a RU  |b 63413507  |c 20041012  |g PSBO 
801 2 |a RU  |b 63413507  |c 20180917  |g PSBO 
942 |c BK